000 01437nka a2200337 i 4500
001 103000
003 ES-MaACL
005 20250822063152.0
007 t|
008 051223q1860 sp --- | |r00 c|spa
100 1 _aHortigosa, Pedro,
_d1811-1870
_eetr
_964268
245 1 0 _aMater Dolorosa
_h[Material gráfico] /
_cF. Madrazo pinx.; P. Hortigosa sculpt.
260 _a[S.l. :
_bs.n.,
_cca. 1860]
300 _a1 estampa :
_bgrabado calcográfico ;
_c388 x 290 mm
490 1 _aColección facticia de grabados ;
_v44
_9184692
500 _aInscripción: "Mater Dolorosa"
500 _aEstampa grabada copia del original de Federico de Madrazo, que representa a la Virgen Dolorosa o Virgen de los Dolores
530 _aDisponible en formato digital
600 0 4 _aVirgen María
_9115436
650 7 _aVirgen de los Dolores
_2embne
_9241939
655 7 _aGrabados calcográficos
_2tgfbne
_9241761
655 7 _aGrabados
_2tgfbne
_9226846
655 4 _aReproducciones de obras de arte
_9241931
700 1 _aMadrazo y Kuntz, Federico de,
_d1815-1894
_eart
_975343
830 0 _aColección facticia de grabados ;
_v44
_9184692
852 4 _aES-MaACL
_cDEPO2
_jGF-2(44)
856 4 _uhttps://www.museodelprado.es/coleccion/obra-de-arte/mater-dolorosa/7d88ea20-4615-43d7-9f8c-ab21703234da
_yVersión en línea
_z(Museo del Prado)
942 _2udc
_cDIBGRB
_n0
999 _c103000
_d103000